000 00204nam a2200085Ia 4500
008 120527s9999 xx 000 0 und d
100 _aLesko, A. wayne
245 _aReading in social psychology
942 _cBK
999 _c27408
_d27408